[Event "Benidorm 2013 - Torneo sub2300"]
[Site "Benidorm ESP"]
[Date "2013.12.01"]
[Round "3.41"]
[White "Jimenez Almeida, Luis David"]
[Black "Capote Robayna, Nathaniel"]
[Result "1/2-1/2"]
[WhiteElo "1985"]
[BlackElo "2128"]
[PlyCount "41"]
[EventDate "2013.11.29"]
[EventType "swiss"]
[EventRounds "10"]
[EventCountry "ESP"]
[Source "lmi"]
[SourceDate "2013.11.29"]

1. d4 Nf6 2. Nf3 d5 3. c4 e6 4. g3 dxc4 5. Bg2 c5 6. Qa4+ Nc6 7. dxc5 Bxc5 8.
Qxc4 Qe7 9. O-O h6 10. a3 e5 11. b4 Bd6 12. Nc3 Be6 13. Qh4 Rc8 14. Bg5 O-O 15.
Bxf6 Qxf6 16. Qxf6 gxf6 17. Rac1 Rfd8 18. Rfd1 Be7 19. e3 Rxd1+ 20. Nxd1 a5 21.
bxa5 1/2-1/2

[Event "Benidorm 2013 - Torneo sub2300"]
[Site "Benidorm ESP"]
[Date "2013.12.01"]
[Round "3.44"]
[White "Lorenzo Duran, Marcos"]
[Black "Sanchez Dengra, Barbara"]
[Result "1-0"]
[WhiteElo "2112"]
[BlackElo "1905"]
[PlyCount "69"]
[EventDate "2013.11.29"]
[EventType "swiss"]
[EventRounds "10"]
[EventCountry "ESP"]
[Source "lmi"]
[SourceDate "2013.11.29"]

1. e4 c6 2. d4 d5 3. exd5 cxd5 4. c4 dxc4 5. Bxc4 Qc7 6. Qb3 e6 7. Ne2 Nf6 8.
Nbc3 a6 9. Bf4 Bd6 10. Bg3 O-O 11. Rc1 Bxg3 12. hxg3 Nc6 13. Bd3 h6 14. O-O Qd6
15. Rfd1 Rd8 16. Ne4 Nxe4 17. Bxe4 Bd7 18. Qxb7 Rdb8 19. Rxc6 Bxc6 20. Qxc6
Qxc6 21. Bxc6 Ra7 22. Rd2 Rc7 23. Be4 a5 24. f4 f5 25. Bf3 g5 26. Nc3 g4 27.
Bd1 Rcb7 28. Bb3 Rb6 29. Na4 Rd6 30. Nc5 Kf7 31. Re2 Rxd4 32. Rxe6 Kg7 33. Re7+
Kg6 34. Nd7 Rd8 35. Ne5+ 1-0

[Event "Benidorm 2013 - Torneo sub2300"]
[Site "Benidorm ESP"]
[Date "2013.12.01"]
[Round "3.45"]
[White "Sanchez Dengra, Jose Maria"]
[Black "Larsen, Tor Ketil"]
[Result "1-0"]
[WhiteElo "2109"]
[BlackElo "1980"]
[PlyCount "47"]
[EventDate "2013.11.29"]
[EventType "swiss"]
[EventRounds "10"]
[EventCountry "ESP"]
[Source "lmi"]
[SourceDate "2013.11.29"]

1. e4 g6 2. d4 Bg7 3. Nc3 d6 4. f4 Nf6 5. Bd3 Na6 6. Nf3 c5 7. e5 dxe5 8. dxe5
Ng4 9. h3 Nh6 10. Be3 Nf5 11. Bf2 Qa5 12. Bb5+ Kf8 13. g4 Nh6 14. Bxa6 bxa6 15.
Qd5 Rb8 16. Qxc5 Qb6 17. Qxc8+ Rxc8 18. Bxb6 axb6 19. O-O-O f6 20. e6 f5 21. g5
Bxc3 22. bxc3 Rxc3 23. gxh6 Ke8 24. Ng5 1-0

[Event "Benidorm 2013 - Torneo sub2300"]
[Site "Benidorm ESP"]
[Date "2013.12.01"]
[Round "3.46"]
[White "Cruz Gonzalez, Antonio"]
[Black "Martinez Ayesa, Aitor"]
[Result "1/2-1/2"]
[WhiteElo "2009"]
[BlackElo "2097"]
[PlyCount "59"]
[EventDate "2013.11.29"]
[EventType "swiss"]
[EventRounds "10"]
[EventCountry "ESP"]
[Source "lmi"]
[SourceDate "2013.11.29"]

1. e4 c5 2. Nf3 Nc6 3. d4 cxd4 4. Nxd4 g6 5. c3 Bg7 6. Bc4 Nf6 7. f3 O-O 8. Be3
d5 9. exd5 Nxd5 10. Nf5 Nxe3 11. Nxe3 Qb6 12. Qe2 Ne5 13. Na3 Nxc4 14. Naxc4
Qc5 15. O-O Be6 16. Kh1 b5 17. Nd2 b4 18. Ne4 Qb6 19. c4 Rfc8 20. Rac1 Bh6 21.
f4 Qd4 22. Ng5 Bxg5 23. fxg5 Rc5 24. Nd5 Bxd5 25. cxd5 Rxc1 26. Rxc1 Qxd5 27.
Re1 Qxg5 28. Qxe7 Qxe7 29. Rxe7 a5 30. Rc7 1/2-1/2

[Event "Benidorm 2013 - Torneo sub2300"]
[Site "Benidorm ESP"]
[Date "2013.12.01"]
[Round "3.47"]
[White "Garcia Garcia, Adrian Antonio"]
[Black "Miguel, Sergio"]
[Result "0-1"]
[WhiteElo "2050"]
[BlackElo "2196"]
[PlyCount "68"]
[EventDate "2013.11.29"]
[EventType "swiss"]
[EventRounds "10"]
[EventCountry "ESP"]
[Source "lmi"]
[SourceDate "2013.11.29"]

1. e4 e5 2. Nf3 Nc6 3. Bc4 Be7 4. c3 Nf6 5. Qe2 d6 6. h3 O-O 7. O-O h6 8. b4
Re8 9. a4 Bf8 10. d3 Be6 11. Bxe6 Rxe6 12. Bd2 d5 13. Rd1 Bd6 14. Ra2 a5 15.
bxa5 Rxa5 16. c4 dxe4 17. dxe4 Ra6 18. c5 Bxc5 19. Bxh6 Nd4 20. Nxd4 exd4 21.
Bg5 Qe8 22. Bxf6 Rxf6 23. Qc4 Qe5 24. Qd3 Bd6 25. Qxd4 Qh2+ 26. Kf1 Qh1+ 27.
Ke2 Qxg2 28. Nc3 Qf3+ 29. Ke1 Rg6 30. Ne2 Bf4 31. Qd8+ Kh7 32. Qh4+ Bh6 33. Ng3
Raf6 34. Rda1 Rf4 0-1

[Event "Benidorm 2013 - Torneo sub2300"]
[Site "Benidorm ESP"]
[Date "2013.12.01"]
[Round "3.48"]
[White "Martin Martin, Luis Vicente"]
[Black "Bilquez, Romain"]
[Result "1/2-1/2"]
[WhiteElo "2031"]
[BlackElo "2152"]
[PlyCount "54"]
[EventDate "2013.11.29"]
[EventType "swiss"]
[EventRounds "10"]
[EventCountry "ESP"]
[Source "lmi"]
[SourceDate "2013.11.29"]

1. d4 Nf6 2. Bf4 d5 3. e3 c5 4. c3 Qb6 5. Qb3 c4 6. Qc2 g6 7. Nd2 Bf5 8. Qc1
Nc6 9. h3 Bg7 10. Ne2 Bd3 11. Bh2 O-O 12. f4 Ne4 13. Ng3 Nxg3 14. Bxg3 Bxf1 15.
Rxf1 f6 16. Nf3 Rae8 17. Qd2 Qa5 18. Kf2 Nd8 19. Qe2 e5 20. fxe5 fxe5 21. Kg1
exd4 22. Nxd4 Bxd4 23. Rxf8+ Kxf8 24. Qf3+ Kg8 25. exd4 Rf8 26. Qe2 Qa4 27. Re1
Qd7 1/2-1/2

[Event "Benidorm 2013 - Torneo sub2300"]
[Site "Benidorm ESP"]
[Date "2013.12.01"]
[Round "3.52"]
[White "Devecchi, Jorge"]
[Black "Megias Ortiz, Vicente Manuel"]
[Result "1/2-1/2"]
[WhiteElo "1997"]
[BlackElo "2092"]
[PlyCount "82"]
[EventDate "2013.11.29"]
[EventType "swiss"]
[EventRounds "10"]
[EventCountry "ESP"]
[Source "lmi"]
[SourceDate "2013.11.29"]

1. e4 c6 2. d4 d5 3. e5 Na6 4. Nc3 Nc7 5. Be3 f5 6. Bd3 e6 7. Nce2 Qe7 8. Qd2
Bd7 9. a4 b6 10. Nf3 h6 11. h4 g6 12. g4 O-O-O 13. g5 hxg5 14. Bxg5 Bh6 15. a5
Bxg5 16. Qxg5 Qxg5 17. Nxg5 Be8 18. axb6 axb6 19. Nf4 Kb7 20. Ngxe6 Nxe6 21.
Nxe6 Rd7 22. Ng5 Ne7 23. Kd2 c5 24. Bb5 Rc7 25. Bxe8 Rxe8 26. c3 cxd4 27. cxd4
Rc4 28. Nf3 Rb4 29. Ra2 Rb3 30. Ne1 Nc6 31. Nc2 Rf3 32. Ke2 Rf4 33. Ke3 Re4+
34. Kd3 Rh8 35. b4 Rhxh4 36. Rxh4 Rxh4 37. b5 Rh3+ 38. Ke2 Ne7 39. f3 g5 40.
Nb4 g4 41. fxg4 fxg4 1/2-1/2

[Event "Benidorm 2013 - Torneo sub2300"]
[Site "Benidorm ESP"]
[Date "2013.12.01"]
[Round "3.61"]
[White "Sevillano Garcia, Joaquin"]
[Black "Nieves Cabanes, Javier"]
[Result "0-1"]
[WhiteElo "1934"]
[BlackElo "2087"]
[PlyCount "50"]
[EventDate "2013.11.29"]
[EventType "swiss"]
[EventRounds "10"]
[EventCountry "ESP"]
[Source "lmi"]
[SourceDate "2013.11.29"]

1. d4 Nf6 2. Nf3 e6 3. e3 d5 4. Bd3 c5 5. c3 Nc6 6. O-O Bd6 7. b3 O-O 8. Bb2 e5
9. dxe5 Nxe5 10. Nxe5 Bxe5 11. h3 b6 12. Nd2 Bb7 13. Qe2 Re8 14. Ba6 Bc6 15.
Bb5 Rc8 16. Bxc6 Rxc6 17. Rfd1 Bb8 18. Nf3 Qc7 19. Qd3 c4 20. Qf5 Rce6 21. Rd4
b5 22. Rad1 a5 23. bxc4 dxc4 24. Ba3 Ba7 25. Rd6 b4 0-1

[Event "Benidorm 2013 - Torneo sub2300"]
[Site "Benidorm ESP"]
[Date "2013.12.01"]
[Round "3.65"]
[White "Forsa, Elise"]
[Black "Moreno Simo, Javier"]
[Result "1-0"]
[WhiteElo "1793"]
[BlackElo "2018"]
[PlyCount "41"]
[EventDate "2013.11.29"]
[EventType "swiss"]
[EventRounds "10"]
[EventCountry "ESP"]
[Source "lmi"]
[SourceDate "2013.11.29"]

1. e4 c5 2. Nf3 e6 3. d4 cxd4 4. Nxd4 a6 5. Be2 Nf6 6. Nc3 d6 7. f4 Qc7 8. O-O
Be7 9. Be3 O-O 10. g4 b5 11. g5 Nfd7 12. Bd3 Re8 13. Qh5 Nf8 14. f5 g6 15. Qh6
Nfd7 16. fxe6 Ne5 17. Nd5 Qb7 18. exf7+ Nxf7 19. Rxf7 Kxf7 20. Qxh7+ Kf8 21.
Rf1+ 1-0

[Event "Benidorm 2013 - Torneo sub2300"]
[Site "Benidorm ESP"]
[Date "2013.12.01"]
[Round "4.1"]
[White "Martinez Reyes, Pedro Ramon"]
[Black "Carrascoso Morales, Abel"]
[Result "1-0"]
[WhiteElo "2235"]
[BlackElo "2300"]
[PlyCount "119"]
[EventDate "2013.11.29"]
[EventType "swiss"]
[EventRounds "10"]
[EventCountry "ESP"]
[Source "lmi"]
[SourceDate "2013.11.29"]

1. e4 c5 2. Nf3 d6 3. Bb5+ Nd7 4. d4 Ngf6 5. Nc3 cxd4 6. Qxd4 e5 7. Qd3 h6 8.
O-O a6 9. Bc4 b5 10. Bd5 Rb8 11. b4 Be7 12. Be3 O-O 13. Bb3 Bb7 14. a4 bxa4 15.
Rxa4 Qc7 16. Nd2 Rfc8 17. Nd5 Nxd5 18. exd5 Qc3 19. Qxc3 Rxc3 20. Ne4 Rxb3 21.
cxb3 Bxd5 22. Nd2 Nf6 23. Rc1 Bb7 24. Ba7 Ra8 25. Rc7 Rxa7 26. Rxe7 Kf8 27. Rc7
Nd5 28. Rc1 Nf4 29. Rc7 Ne2+ 30. Kf1 Nd4 31. f3 Nb5 32. Rc1 d5 33. Nb1 Ra8 34.
Na3 Nd6 35. b5 Ke7 36. bxa6 Rxa6 37. Rxa6 Bxa6+ 38. Kf2 Kd7 39. Rc5 Bb7 40. Nb5
Nxb5 41. Rxb5 Kc6 42. Ra5 f5 43. g3 Kb6 44. b4 g5 45. f4 gxf4 46. gxf4 exf4 47.
Rc5 Bc6 48. h4 f3 49. Rc3 Kb5 50. Rxf3 Kxb4 51. Rxf5 Be8 52. Rxd5 h5 53. Ke3
Kc4 54. Rd8 Bg6 55. Kf4 Bd3 56. Re8 Kd4 57. Kg5 Bc4 58. Re7 Kd5 59. Kxh5 Kd6
60. Re1 1-0

[Event "Benidorm 2013 - Torneo sub2300"]
[Site "Benidorm ESP"]
[Date "2013.12.01"]
[Round "4.2"]
[White "Valmana Canto, Jaime"]
[Black "Kultiyasov, Mikhail"]
[Result "1-0"]
[WhiteElo "2298"]
[BlackElo "2188"]
[PlyCount "93"]
[EventDate "2013.11.29"]
[EventType "swiss"]
[EventRounds "10"]
[EventCountry "ESP"]
[Source "lmi"]
[SourceDate "2013.11.29"]

1. e4 c5 2. Nf3 e6 3. c3 Nf6 4. Bd3 Nc6 5. Bc2 d6 6. O-O e5 7. h3 Be7 8. d4 O-O
9. Re1 Re8 10. Bg5 h6 11. Bh4 Nh7 12. Bg3 Bf6 13. dxe5 Nxe5 14. Nbd2 Be6 15.
Nxe5 dxe5 16. Qe2 Qc7 17. Bb3 Rad8 18. Rad1 Nf8 19. Bc4 Bg5 20. Nf1 a6 21. a4
Qa5 22. Bxe6 Nxe6 23. Bxe5 Qxa4 24. Rxd8 Rxd8 25. Qg4 Qd7 26. h4 Be7 27. Ne3 f6
28. Rd1 Qc6 29. Nd5 Kf7 30. Bg3 Bd6 31. f4 Nc7 32. c4 Ne6 33. Rf1 Nd4 34. e5 f5
35. Qh5+ g6 36. Qxh6 Bf8 37. Qg5 Rd7 38. h5 gxh5 39. Nf6 Ne2+ 40. Kh2 Nxg3 41.
Kxg3 Rd2 42. Qg8+ Ke7 43. Nd5+ Ke8 44. e6 h4+ 45. Kh2 Re2 46. Qf7+ Kd8 47.
Qxf8+ 1-0

[Event "Benidorm 2013 - Torneo sub2300"]
[Site "Benidorm ESP"]
[Date "2013.12.01"]
[Round "4.3"]
[White "Rodriguez Melendez, Juan Humbe"]
[Black "Voiteanu, Gabriel"]
[Result "1-0"]
[WhiteElo "2060"]
[BlackElo "2251"]
[PlyCount "83"]
[EventDate "2013.11.29"]
[EventType "swiss"]
[EventRounds "10"]
[EventCountry "ESP"]
[Source "lmi"]
[SourceDate "2013.11.29"]

1. e4 e5 2. Nf3 Nf6 3. Nxe5 d6 4. Nf3 Nxe4 5. d4 d5 6. Bd3 Be7 7. O-O Nc6 8. c4
Nb4 9. Be2 O-O 10. Nc3 Be6 11. Ne5 c5 12. Nxe4 dxe4 13. d5 Qc7 14. a3 Qxe5 15.
axb4 Bd6 16. g3 Bh3 17. Bf4 Qe7 18. Bxd6 Qxd6 19. Re1 f5 20. bxc5 Qxc5 21. Ra3
Qe7 22. Qd2 f4 23. gxf4 Qh4 24. Rg3 Bd7 25. Qd4 g6 26. c5 Qxf4 27. Bc4 Rae8 28.
d6+ Be6 29. Rxe4 Qc1+ 30. Kg2 Bxc4 31. Qxc4+ Qxc4 32. Rxc4 Re2 33. Rf3 Rxb2 34.
Rd4 Rd8 35. Re3 Rc2 36. d7 Kf7 37. Rf4+ Kg7 38. Re7+ Kh6 39. Rd4 Rxc5 40. Re8
Rg5+ 41. Kf1 Rg4 42. Rd3 1-0

[Event "Benidorm 2013 - Torneo sub2300"]
[Site "Benidorm ESP"]
[Date "2013.12.01"]
[Round "4.4"]
[White "Rodriguez Fontecha, Marcos"]
[Black "Gete Rodriguez, Isidro"]
[Result "0-1"]
[WhiteElo "2300"]
[BlackElo "2102"]
[PlyCount "122"]
[EventDate "2013.11.29"]
[EventType "swiss"]
[EventRounds "10"]
[EventCountry "ESP"]
[Source "lmi"]
[SourceDate "2013.11.29"]

1. d4 d5 2. Bf4 Nf6 3. e3 c5 4. c3 Nc6 5. Nd2 Bf5 6. Qb3 Qb6 7. dxc5 Qxb3 8.
axb3 e5 9. Bg3 Bxc5 10. b4 Bd6 11. b5 Ne7 12. Ngf3 Ng6 13. h4 h5 14. Nd4 Bd7
15. Bd3 O-O 16. O-O Rfe8 17. N4b3 Re7 18. Rfd1 Be6 19. c4 b6 20. Ra6 Rc8 21.
Ra4 Bb8 22. Rc1 Nd7 23. cxd5 Rxc1+ 24. Nxc1 Bxd5 25. Bxg6 fxg6 26. e4 Nc5 27.
Rb4 Bf7 28. Nf1 Rd7 29. Ne3 Kh7 30. f3 Be6 31. Be1 Kh6 32. Bc3 g5 33. hxg5+
Kxg5 34. Kh2 Re7 35. g3 h4 36. gxh4+ Kxh4 37. Ne2 Rd7 38. Kg2 Nd3 39. Ra4 Nxb2
40. Ra1 Kh5 41. Rh1+ Kg6 42. Rh8 Bc7 43. Ra8 Nc4 44. Nc2 Bd8 45. Nb4 Nd6 46.
Nc6 Bf6 47. Nxa7 Bc4 48. Ng3 Bxb5 49. Nf5 Bd3 50. Nxd6 Rxd6 51. Nc8 Rc6 52. Bb4
Rc2+ 53. Kg3 Kh5 54. f4 Bxe4 55. Rb8 Rg2+ 56. Kh3 exf4 57. Nd6 Rg3+ 58. Kh2
Rg2+ 59. Kh3 Rg3+ 60. Kh2 Bd5 61. Nf5 Kg4 0-1

[Event "Benidorm 2013 - Torneo sub2300"]
[Site "Benidorm ESP"]
[Date "2013.12.01"]
[Round "4.5"]
[White "Bendayan Claros, Aaron"]
[Black "Quintin Navarro, Alberto"]
[Result "1/2-1/2"]
[WhiteElo "2193"]
[BlackElo "2288"]
[PlyCount "152"]
[EventDate "2013.11.29"]
[EventType "swiss"]
[EventRounds "10"]
[EventCountry "ESP"]
[Source "lmi"]
[SourceDate "2013.11.29"]

1. d4 e6 2. c4 Bb4+ 3. Bd2 a5 4. a3 Bxd2+ 5. Qxd2 Nf6 6. Nc3 d6 7. e4 Nbd7 8.
Bd3 e5 9. d5 Nc5 10. Bc2 a4 11. Nge2 Bd7 12. O-O O-O 13. f3 g6 14. Rae1 Nh5 15.
g4 Ng7 16. Ng3 Qh4 17. Qg2 Rab8 18. Re2 b5 19. cxb5 Bxb5 20. Nxb5 Rxb5 21. Bb1
c6 22. Rd1 Nb3 23. Ba2 Nd4 24. Rf2 c5 25. Rdd2 Qg5 26. Qf1 Rfb8 27. Qd1 h5 28.
h3 h4 29. Nf1 Nh5 30. Kh1 Ng3+ 31. Kg2 Nxf1 32. Qxf1 Qf4 33. Bc4 R5b7 34. Kh1
Kg7 35. Qg2 Kh6 36. Qh2 Qe3 37. Qg2 g5 38. Qf1 Rg8 39. Kg2 Rg6 40. Rd3 Qf4 41.
Rc3 Rf6 42. Kh1 Kg7 43. Qg2 Rh6 44. Qf1 Qf6 45. Qd1 Ra7 46. Qc1 Rg6 47. Kg2 Qd8
48. Be2 Kh6 49. Bd1 Qa5 50. Qd2 Rg8 51. Qc1 Rb8 52. Kf1 Rab7 53. Rc4 Qa6 54.
Kg1 Nb3 55. Qc3 Rb5 56. Kg2 Qb6 57. Rxa4 Nd4 58. b4 Rc8 59. Qd2 cxb4 60. axb4
Rc4 61. Be2 Nxe2 62. Qxe2 Rcxb4 63. Rxb4 Rxb4 64. Qc2 Qb7 65. Qc3 Rb1 66. Qa5
Qc8 67. Qa3 Qd8 68. Rc2 Qb6 69. Rf2 Rd1 70. Qa2 Qe3 71. Qe2 Qd4 72. Qa6 Kg7 73.
Qe2 Rb1 74. Qd2 Qxd2 75. Rxd2 Kf8 76. Ra2 Rb6 1/2-1/2

[Event "Benidorm 2013 - Torneo sub2300"]
[Site "Benidorm ESP"]
[Date "2013.12.01"]
[Round "4.6"]
[White "Saenz Narciso, Miguel Angel"]
[Black "Lopez Del Alamo, Antonio"]
[Result "1-0"]
[WhiteElo "2191"]
[BlackElo "2281"]
[PlyCount "130"]
[EventDate "2013.11.29"]
[EventType "swiss"]
[EventRounds "10"]
[EventCountry "ESP"]
[Source "lmi"]
[SourceDate "2013.11.29"]

1. e4 c5 2. Nf3 Nc6 3. d4 cxd4 4. Nxd4 Nf6 5. Nc3 e6 6. Ndb5 d6 7. Bf4 e5 8.
Bg5 a6 9. Na3 b5 10. Nd5 Be7 11. Bxf6 Bxf6 12. c3 O-O 13. Nc2 Bg5 14. Be2 Be6
15. O-O g6 16. a4 bxa4 17. Rxa4 a5 18. Nce3 f5 19. Bf3 Kh8 20. Qd3 Ra7 21. Rfa1
Raf7 22. Rf1 Qb8 23. Nc4 Bd8 24. Ra3 f4 25. Qe2 h5 26. Rd1 Rh7 27. Nxd6 Qxd6
28. Nxf4 Qxd1+ 29. Qxd1 Rxf4 30. Qd6 Bd7 31. b4 Rf6 32. Qd5 Be8 33. b5 Rd7 34.
bxc6 Rxd5 35. exd5 Bc7 36. c4 Rf4 37. Rc3 Rd4 38. g3 e4 39. Be2 Rd2 40. Kf1 a4
41. Ra3 Bxc6 42. dxc6 Rd6 43. Rxa4 Rxc6 44. Ra8+ Kg7 45. Re8 h4 46. Rxe4 hxg3
47. hxg3 Kf6 48. Bd3 g5 49. f4 gxf4 50. gxf4 Kf5 51. Rd4+ Kg4 52. f5+ Kg3 53.
Be2 Bf4 54. Rd3+ Kh4 55. Rd8 Kg5 56. Bd3 Be3 57. Ke2 Bc5 58. Kf3 Rc7 59. Rg8+
Kf6 60. Rg6+ Kf7 61. Be4 Be7 62. Bd5+ Ke8 63. Ra6 Bf8 64. f6 Rc8 65. Ke4 Bd6
1-0

[Event "Benidorm 2013 - Torneo sub2300"]
[Site "Benidorm ESP"]
[Date "2013.12.01"]
[Round "4.7"]
[White "Arias Igual, Alejandro"]
[Black "Montoliu Cervero, Francisco"]
[Result "1-0"]
[WhiteElo "2178"]
[BlackElo "2280"]
[PlyCount "101"]
[EventDate "2013.11.29"]
[EventType "swiss"]
[EventRounds "10"]
[EventCountry "ESP"]
[Source "lmi"]
[SourceDate "2013.11.29"]

1. d4 d5 2. Nf3 Nf6 3. e3 c6 4. Bd3 g6 5. O-O Bg7 6. c4 O-O 7. Nc3 Bg4 8. Qb3
Bxf3 9. gxf3 dxc4 10. Bxc4 Qc7 11. e4 Nbd7 12. Be3 e6 13. Rac1 Nb6 14. Be2 Rad8
15. a4 Qb8 16. a5 Nc8 17. f4 Ne7 18. Qa3 Rfe8 19. Qc5 Nd7 20. Qg5 f5 21. Bc4
Nf8 22. e5 Nd5 23. Qg2 b6 24. axb6 axb6 25. Qf3 Qb7 26. Rc2 Ra8 27. Na2 Rxa2
28. Bxa2 Nb4 29. Bb3 Nxc2 30. Bxc2 Nd7 31. Bb3 b5 32. Rc1 Nb8 33. h4 Kf7 34. h5
Rc8 35. hxg6+ hxg6 36. Bd2 Bf8 37. Bxe6+ Kxe6 38. Qb3+ Ke7 39. Bb4+ c5 40.
Bxc5+ Rxc5 41. Rxc5 Nd7 42. Rxb5 Qe4 43. d5 Qe1+ 44. Kg2 Qe4+ 45. Qf3 Qc4 46.
Rb7 Kd8 47. d6 Bh6 48. Rxd7+ Kxd7 49. Qb7+ Ke6 50. Qe7+ Kd5 51. Qf7+ 1-0

[Event "Benidorm 2013 - Torneo sub2300"]
[Site "Benidorm ESP"]
[Date "2013.12.01"]
[Round "4.8"]
[White "Sos Andreu, Eric"]
[Black "Lacrosse, Marc"]
[Result "1-0"]
[WhiteElo "2276"]
[BlackElo "2189"]
[PlyCount "113"]
[EventDate "2013.11.29"]
[EventType "swiss"]
[EventRounds "10"]
[EventCountry "ESP"]
[Source "lmi"]
[SourceDate "2013.11.29"]

1. d4 d5 2. c4 e6 3. Nf3 Nf6 4. g3 Be7 5. Bg2 O-O 6. O-O dxc4 7. Ne5 Nc6 8.
Bxc6 bxc6 9. Nxc6 Qe8 10. Nxe7+ Qxe7 11. Qa4 e5 12. dxe5 Qxe5 13. Nc3 Ne4 14.
Qxc4 Nxc3 15. Qxc3 Qxc3 16. bxc3 Re8 17. Be3 Ba6 18. Rfe1 Bc4 19. a3 a5 20.
Rad1 Rad8 21. Kf1 a4 22. Rd4 Rxd4 23. cxd4 c6 24. Rc1 Bb5 25. Rc5 Rd8 26. f3
Rd5 27. Rc2 f5 28. Ke1 Kf7 29. Bf2 Ke8 30. e4 fxe4 31. fxe4 Rh5 32. h4 Kd7 33.
Kd2 Rh6 34. Ke3 Rf6 35. g4 g6 36. g5 Rf8 37. Bg3 Rf1 38. d5 Rb1 39. Be5 Rd1 40.
dxc6+ Bxc6 41. Bc3 Rh1 42. Rd2+ Ke8 43. Rd6 Rh3+ 44. Kd4 Bd7 45. Rf6 Rxh4 46.
Bb4 Bf5 47. Rf8+ Kd7 48. Rf7+ Kd8 49. Re7 Bd7 50. Kd5 Rh1 51. Rg7 Rd1+ 52. Ke5
Bc6 53. Rxh7 Rd7 54. Rh6 Rg7 55. Kd6 Be8 56. Ba5+ Kc8 57. Rh8 1-0

[Event "Benidorm 2013 - Torneo sub2300"]
[Site "Benidorm ESP"]
[Date "2013.12.01"]
[Round "4.9"]
[White "Gomez Dieguez, David"]
[Black "Parligras, Cosmin"]
[Result "1/2-1/2"]
[WhiteElo "2164"]
[BlackElo "2257"]
[PlyCount "20"]
[EventDate "2013.11.29"]
[EventType "swiss"]
[EventRounds "10"]
[EventCountry "ESP"]
[Source "lmi"]
[SourceDate "2013.11.29"]

1. e4 e5 2. Nc3 Nc6 3. Bc4 Nf6 4. d3 Na5 5. a3 Nxc4 6. dxc4 d6 7. Nf3 Be7 8.
Qd3 Nd7 9. Be3 c6 10. h3 O-O 1/2-1/2

[Event "Benidorm 2013 - Torneo sub2300"]
[Site "Benidorm ESP"]
[Date "2013.12.01"]
[Round "4.10"]
[White "Acuna Celada, Ivan"]
[Black "Buenafe Moya, Javier"]
[Result "1-0"]
[WhiteElo "2163"]
[BlackElo "2227"]
[PlyCount "105"]
[EventDate "2013.11.29"]
[EventType "swiss"]
[EventRounds "10"]
[EventCountry "ESP"]
[Source "lmi"]
[SourceDate "2013.11.29"]

1. d4 Nf6 2. c4 e6 3. Nc3 Bb4 4. e3 O-O 5. Nge2 d5 6. a3 Be7 7. cxd5 exd5 8. b4
Re8 9. Ng3 Bd6 10. Bd3 g6 11. O-O Bxg3 12. fxg3 Be6 13. Qf3 Kg7 14. Bb2 Nbd7
15. Rae1 a5 16. e4 axb4 17. axb4 c6 18. e5 Ng8 19. b5 Qb6 20. Qf2 Ne7 21. g4 c5
22. Kh1 Rf8 23. Qh4 c4 24. Bxc4 Qxd4 25. Nxd5 Qxb2 26. Nf6 h6 27. Bxe6 Nxe5 28.
Nh5+ gxh5 29. Qf6+ Kh7 30. Bf5+ Nxf5 31. Qxf5+ Kg7 32. Rxe5 Ra2 33. Rg1 hxg4
34. Qxg4+ Kh7 35. Qf5+ Kg7 36. Re3 Ra3 37. Re4 Rg8 38. Rg4+ Kh8 39. Rxg8+ Kxg8
40. Rf1 Qg7 41. Qc8+ Kh7 42. Qxb7 Ra1 43. Qe4+ Kg8 44. Qf3 Rxf1+ 45. Qxf1 Qb2
46. h3 Kf8 47. Qd3 Kg7 48. Kh2 h5 49. Qg3+ Kh6 50. Qd6+ f6 51. b6 Kg5 52. Qc7
f5 53. b7 1-0

[Event "Benidorm 2013 - Torneo sub2300"]
[Site "Benidorm ESP"]
[Date "2013.12.01"]
[Round "4.11"]
[White "Remolar Gallen, Jose"]
[Black "Goormachtigh, Johan"]
[Result "1/2-1/2"]
[WhiteElo "2213"]
[BlackElo "2177"]
[PlyCount "122"]
[EventDate "2013.11.29"]
[EventType "swiss"]
[EventRounds "10"]
[EventCountry "ESP"]
[Source "lmi"]
[SourceDate "2013.11.29"]

1. e4 c5 2. c3 Nf6 3. e5 Nd5 4. d4 cxd4 5. Nf3 e6 6. Bc4 d6 7. exd6 Qxd6 8.
cxd4 Be7 9. O-O Nc6 10. Nc3 O-O 11. Bb3 b6 12. Qe2 Ncb4 13. Rd1 Ba6 14. Qe4
Rac8 15. Bd2 Bd3 16. Qe5 Bc4 17. Bxc4 Rxc4 18. Qe2 Rcc8 19. a3 Nc6 20. Nxd5
Qxd5 21. Bc3 Rfd8 22. Rd2 Bf6 23. Rad1 Na5 24. Bxa5 Qxa5 25. Rc2 Qd5 26. Rxc8
Rxc8 27. Qd2 h6 28. h3 Rc4 29. Qd3 b5 30. Qd2 a6 31. Qd3 g6 32. Rd2 Kg7 33. Qe3
Bg5 34. Nxg5 hxg5 35. Qd3 Rc1+ 36. Kh2 Qd6+ 37. Qg3 Qf4 38. Qxf4 gxf4 39. g3
fxg3+ 40. Kxg3 Rg1+ 41. Kf3 Rg5 42. Rc2 Rh5 43. Kg2 Rd5 44. Rc6 a5 45. Rc5 Kf6
46. Rxd5 exd5 47. f4 Kf5 48. Kf3 a4 49. Ke3 Kf6 50. Kf3 Kf5 51. Ke3 f6 52. Kf3
g5 53. fxg5 fxg5 54. Ke3 Kf6 55. Kf3 Kf5 56. Ke3 g4 57. h4 g3 58. Kf3 g2 59.
Kxg2 Kg4 60. h5 Kxh5 61. Kh3 Kg5 1/2-1/2

[Event "Benidorm 2013 - Torneo sub2300"]
[Site "Benidorm ESP"]
[Date "2013.12.01"]
[Round "4.12"]
[White "Sabater Sanchez, Asensio"]
[Black "Aymerich Rosell, Pablo"]
[Result "1-0"]
[WhiteElo "2151"]
[BlackElo "2194"]
[PlyCount "111"]
[EventDate "2013.11.29"]
[EventType "swiss"]
[EventRounds "10"]
[EventCountry "ESP"]
[Source "lmi"]
[SourceDate "2013.11.29"]

1. d4 e6 2. Nf3 Nf6 3. Bf4 c5 4. e3 Qb6 5. Qc1 Nc6 6. c3 d5 7. Nbd2 Bd7 8. Bd3
Rc8 9. Qb1 Nh5 10. Be5 cxd4 11. exd4 Nxe5 12. Nxe5 Nf4 13. O-O Bb5 14. Bxb5+
Qxb5 15. g3 Ng6 16. Nxg6 hxg6 17. Re1 Be7 18. Nf3 Bf6 19. Qc2 O-O 20. Qe2 Qxe2
21. Rxe2 b5 22. a4 a6 23. axb5 axb5 24. Ra3 Rc7 25. Rb3 Rb8 26. Ne1 Be7 27. Nc2
Bd6 28. Re1 b4 29. Ne3 Rbb7 30. Kf1 bxc3 31. Rxb7 Rxb7 32. bxc3 Rb3 33. Rc1 Ba3
34. Rc2 Rb1+ 35. Ke2 g5 36. f3 Kh7 37. Ra2 Bd6 38. Kf2 Kg6 39. Ra6 Rb2+ 40. Kg1
Rb1+ 41. Kg2 Rb2+ 42. Kh3 Bb8 43. Nxd5 Rf2 44. Ne7+ Kf6 45. Ng8+ Kg6 46. Rb6
Bc7 47. Rc6 Bd8 48. Rc8 Bb6 49. Rc6 Bd8 50. Rc8 Bb6 51. Ne7+ Kf6 52. Nc6 Rxf3
53. Ne5 g4+ 54. Kg2 Rxc3 55. Rxc3 Bxd4 56. Nxg4+ 1-0

[Event "Benidorm 2013 - Torneo sub2300"]
[Site "Benidorm ESP"]
[Date "2013.12.01"]
[Round "4.13"]
[White "Royset, Jon K"]
[Black "Nava Pereda, Carlos"]
[Result "0-1"]
[WhiteElo "2154"]
[BlackElo "2273"]
[PlyCount "116"]
[EventDate "2013.11.29"]
[EventType "swiss"]
[EventRounds "10"]
[EventCountry "ESP"]
[Source "lmi"]
[SourceDate "2013.11.29"]

1. e4 Nc6 2. d4 d5 3. e5 f6 4. Bb5 Bd7 5. Bxc6 Bxc6 6. e6 Qd6 7. Qe2 O-O-O 8.
Nh3 Be8 9. Nd2 Qc6 10. O-O g5 11. f4 gxf4 12. Nb3 f3 13. gxf3 Nh6 14. Bxh6 Bxh6
15. f4 Qc4 16. Qd3 Bh5 17. Rae1 Qxd3 18. cxd3 Bg4 19. Re3 b6 20. Rg3 Rhg8 21.
Kh1 Bxe6 22. Ng1 Bf5 23. Nc1 Rxg3 24. hxg3 Re8 25. Kg2 Bg4 26. Nf3 Bg7 27. Rh1
h5 28. Nh2 f5 29. Nxg4 hxg4 30. Ne2 Rh8 31. Rc1 Kd7 32. b4 Rh6 33. Rc3 Rc6 34.
Rxc6 Kxc6 35. a3 e6 36. Kf2 a5 37. bxa5 b5 38. Ke3 Bf8 39. Kd2 Bxa3 40. Kc3 Kb7
41. Kb3 Be7 42. Nc3 Ka6 43. Ne2 Kxa5 44. Nc3 Bf6 45. Ne2 b4 46. Kc2 Ka4 47. Kd2
Ka3 48. Kc2 Be7 49. Nc1 Bd6 50. Ne2 c6 51. Nc1 c5 52. dxc5 Bxc5 53. Ne2 Be3 54.
d4 Bf2 55. Kd3 Kb3 56. Nc1+ Kb2 57. Ne2 Be1 58. Ke3 Kc2 0-1